Conduite à gauche ou à droite ? (Mort subite) - Statistiques

Statistiques générales
  • Ce quiz a été pris 44 fois
    3 depuis la dernière actualisation
  • Le résultat moyen est 7 sur 20
Answers on the Grid
Answers color-coded by a green-red scale on the quiz's grid according to % correct below.
Royaume-Uni
Belgique
Bahamas
Vietnam
Népal
Yémen
Australie
Zimbabwe
Soudan
Philippines
Tuvalu
Nouvelle-Zélande
Ouzbékistan
Turquie
Malte
Géorgie
Ouganda
Madagascar
Canada
Bolivie
Bangladesh
Japon
Vanuatu
Singapour
Angola
États-Unis
Inde
Norvège
Tanzanie
Argentine
Zambie
Suède
Malaisie
Botswana
Italie
Kenya
Irlande
Pologne
Uruguay
Suriname
 
Statistiques - réponses
Réponse % Correct
Zimbabwe
100%
Botswana
67%
Japon
67%
Royaume-Uni
67%
Australie
33%
Bangladesh
33%
Inde
33%
Irlande
33%
Kenya
33%
Malaisie
33%
Malte
33%
Nouvelle-Zélande
33%
Ouganda
33%
Singapour
33%
Tanzanie
33%
Tuvalu
33%
Zambie
33%
Bahamas
0%
Népal
0%
Suriname
0%
Aucun quiz correspondant
Distribution des résultats
% des personnes avec chaque résultat
Percentile par nombre de réponses
Votre historique - résultats
Vous n’avez pas pris ce quiz depuis la dernière actualisation